Alle Pokémon mit "J" - Statistiken

Allgemein
  • Dieses Quiz wurde 142 mal gespielt
  • Das Durchschnittsergebnis liegt bei 5 aus 5
Antwortstatistiken
Typ Pokémon % Korrekt
Wasser / Eis Jugong
97%
Wasser 💧 Jurob
97%
Feuer / Kampf Jungglut
95%
Stahl / Psycho Jirachi
89%
Kampf 👊 Jiutesto
89%
Keine übereinstimmenden Quizze gefunden
Verteilung der Resultate
Anzahl Personen mit jedem Resultat
Perzentil nach korrekt beantworteten Fragen
Ihre Resultats-Entwicklung
Sie haben dieses Quiz noch nicht gespielt